000 00463nmm a2200157Ia 4500
008 251105s9999||||xx |||||||||||||||||und||
020 _a9786125067074
041 _aspa
100 _aBocanegra, Alfonso
245 0 _aEl burrito que no podía ser presidente
264 _a[Lima, Peru] :
_bGrupo Editorial Quimérica,
_c2022
300 _a49 páginas
650 _aAges 9-12 Years Old
856 _uhttps://public.digitaliapublishing.com/a/160460
942 _cCF
999 _c76053
_d76053